000 01323nam a2200361 a 4500
001 000111009
003 CHAP
005 20220329144154.0
008 141124s2014 mx sm |||||||spa d
010 _a107471
011 _a108443
040 _cCHAP
090 _aTesis
100 1 _aÁlvarez Hernández, Francisco
_9128797
245 1 0 _aCondiciones higrogeológicas del Municipio del Rayón, San Luis Potosí
_h[En línea]
_cpor Francisco Álvarez Hernández y Ángel Eduardo López Vázquez.
260 _aChapingo, Méx. :
_bEl autor,
_c2014.
500 _aPara ver el contenido del material haga clic en la liga
502 _aTesis (Ing. Agr. Esp. en Irrigación) -- UACH. Departamento de Irrigación
590 _aBATCH
_b00
_c20181121
_lUCH01
_h0758
590 _aE11695DGD
_b10
_c20141124
_lUCH01
_h1436
590 _aE5765TAJ
_b05
_c20141124
_lUCH01
_h1123
590 _aE5765TAJ
_b05
_c20141124
_lUCH01
_h1124
650 1 4 _aAgua subterránea
_xSan Luis Potosí
_92478
650 1 4 _aAgua
_xAprovechamiento.
_92282
650 1 4 _aAgua
_xCalidad.
_92316
650 1 4 _aCuencas hidrológicas.
_930092
700 1 _aLópez Vásquez, Ángel Eduardo
_9128798
856 _a1
_n0000286
856 _aFinding aid
_uhttp://10.13.5.2/tesis/sist111009.pdf
_zTeclea aquí
901 _aBK
942 _cTESIS
942 _n0
999 _c107471
_d107471